Atlas antiquus (Record no. 156593)

MARC details
000 -LEADER
campo de control de longitud fija 01154nam a2200229 i 4500
001 - NÚMERO DE CONTROL
campo de control 156593
003 - IDENTIFICADOR DE NÚMERO DE CONTROL
campo de control ES-MaACL
005 - FECHA Y HORA DE LA ÚLTIMA TRANSACCIÓN
campo de control 20250704063120.0
008 - DATOS DE LONGITUD FIJA--INFORMACIÓN GENERAL
campo de control de longitud fija 040802s1878 gw ab |||| | fre d
040 ## - FUENTE DE CATALOGACIÓN
Centro catalogador/agencia de origen CAM
Lengua de catalogación spa
Centro/agencia transcriptor CAM
100 1# - ENTRADA PRINCIPAL--NOMBRE DE PERSONA
Nombre de persona Kiepert, Heinrich,
Fechas asociadas al nombre 1818-1899
9 (RLIN) 128452
245 10 - MENCIÓN DEL TÍTULO
Título Atlas antiquus
Resto del título : douze cartes pour servir á l'étude de l'histoire ancienne /
Mención de responsabilidad, etc. par Henri Kiepert.
250 ## - MENCION DE EDICION
Mención de edición 5éme éd- rev. et augm.
260 ## - PUBLICACIÓN, DISTRIBUCIÓN, ETC.
Lugar de publicación, distribución, etc. Berlin :
Nombre del editor, distribuidor, etc. Dietrich Reimer,
Fecha de publicación, distribución, etc. [s.a.]
300 ## - DESCRIPCIÓN FÍSICA
Extensión [1] h., [12] h. de maps. ;
Dimensiones 35 cm.
505 8# - NOTA DE CONTENIDO CON FORMATO
Nota de contenido con formato Contiene : Orbis terrarum antiquis notus ; Imperia Persarum et Macedonum ; Aegyptus, Phoenice et Palaestina ; Asia citerior ; Graecia cum insulis et oris maris Aegaei ; Graecia ampliore modulo descripta ; Italia ; Italia pars media et inferior cum Sicilia ; Roma urbs ; Hispania, Mauretania et Africa ; Gallia, Britannia, Germania ; Imperium Romanum
596 ## - NOTA AL PIE DE IMPRENTA
NOTA AL PIE DE IMPRENTA El ed. ejerce ca. 1878.
599 ## - NOTA A LAS ILUSTRACIONES
NOTA A LAS ILUSTRACIONES Los maps. cromolit.: "J. Sulzer lit."
650 04 - PUNTO DE ACCESO ADICIONAL DE MATERIA--TÉRMINO DE MATERIA
Término de materia o nombre geográfico como elemento de entrada Historia antigua-
Subdivisión de forma Atlas.
9 (RLIN) 13386
852 ## - LOCALIZACIÓN
Ubicación ES-MaACL
Número de control de estantería B-2081
Nota libre -- Enc. hol., deteriorada en las puntas
Holdings
Estatus retirado Estado de pérdida Estado de daño No para préstamo Biblioteca de origen Biblioteca actual Ubicación en estantería Fecha de adquisición Fuente de adquisición Total de préstamos Signatura topográfica completa Código de barras Visto por última vez Precio de reemplazo Tipo de ítem Koha
        Biblioteca del Ateneo de Madrid Biblioteca del Ateneo de Madrid Sala Pardo Bazán 17/01/2008     B-2081 1163835 23/02/2023 23/02/2023 Libro impreso